=LDR 00000nam 2200000 4500 =001 INLIS000000001054518 =005 20260211072734 =035 ##$$a 0010-0226000072 =007 ta =008 260211################g##########0#ind## =020 ##$$a 978-623-10-0091-0 =082 ##$$a 899.221 3 =084 ##$$a 899.221 3 MAT z =100 #$$a Matca =245 1#$$a Zero Byte /$c Matca =250 ##$$a cetakan pertama =260 ##$$a Depok :$b Skuad,$c 2024 =300 ##$$a 346 halaman : $b ilustrasi ; $c 13 x 19 cm =500 ##$$a Biografi :halaman 345 =600 #4$$a Fiksi Indonesia =990 ##$$a 07890789 =990 ##$$a 07890789 =990 ##$$a 07890789 =990 ##$$a 07890789